[Event "ESP-chT Rapid"]
[Site "Toledo"]
[Date "2022.09.24"]
[Round "1"]
[White "Alvarez Serrano, Carlos"]
[Black "Buisac Anadon, Pablo"]
[Result "1-0"]
[WhiteElo "2188"]
[BlackElo "2136"]
[PlyCount "53"]
[EventDate "2022.09.24"]
[EventType "team-swiss (rapid)"]
[EventRounds "9"]
[EventCountry "ESP"]
[SourceTitle "CBM 210 Extra"]
[Source "ChessBase"]
[SourceDate "2022.11.30"]
[SourceVersion "1"]
[SourceVersionDate "2022.11.30"]
[SourceQuality "1"]
[WhiteTeam "Excalibur"]
[BlackTeam "Ajedrez Gambito"]
[WhiteTeamCountry "ESP"]
[BlackTeamCountry "ESP"]

1. Nf3 d5 2. g3 Nf6 3. Bg2 e6 4. 0-0 c5 5. d4 Nc6 6. c4 cxd4 7. Nxd4 Be7 8. Nc3 Nxd4 9. Qxd4 dxc4 10. Qxc4 0-0 11. Bf4 Qa5 12. Rac1 Qb4 13. Qxb4 Bxb4 14. Nb5 Bd7 15. Nd6 Bc6 16. Nxb7 Bxg2 17. Kxg2 Nd5 18. Bd6 Bxd6 19. Nxd6 Rab8 20. b3 Rfd8 21. Nc4 Nb4 22. a3 Nd5 23. Na5 Rdc8 24. e4 Ne7 25. Rfd1 Kf8 26. Rxc8+ Nxc8 27. Rd8+ 1-0

[Event "Aragon-chT Honor Gr I"]
[Site "Aragon"]
[Date "2021.04.10"]
[Round "4.11"]
[White "Arpa Pardo, Emilio"]
[Black "Buisac Anadon, Pablo"]
[Result "0-1"]
[WhiteElo "1905"]
[BlackElo "2064"]
[PlyCount "66"]
[EventDate "2021.03.13"]
[EventType "team-tourn"]
[EventRounds "7"]
[EventCountry "ESP"]
[SourceTitle "EXT 2024"]
[Source "ChessBase"]
[SourceDate "2023.10.10"]
[SourceVersion "1"]
[SourceVersionDate "2023.10.10"]
[SourceQuality "1"]
[WhiteTeam "Teruel"]
[BlackTeam "Jaque Pirenauto"]
[WhiteTeamCountry "ESP"]
[BlackTeamCountry "ESP"]

1. e4 c5 2. Nf3 e6 3. d4 cxd4 4. Nxd4 Nf6 5. Bd3 Nc6 6. Nxc6 dxc6 7. Bf4 Qb6 8. Nd2 Qxb2 9. 0-0 Qd4 10. Nf3 Qd8 11. c4 e5 12. Nxe5 Be6 13. Qf3 Be7 14. Rfd1 Qc8 15. h3 0-0 16. g4 Rd8 17. g5 Nd7 18. Ng4 Nc5 19. Bc2 Bxc4 20. e5 Bd5 21. Rxd5 cxd5 22. Nf6+ Bxf6 23. gxf6 g6 24. Qg3 Qd7 25. Kh2 Rac8 26. Qh4 Ne6 27. Bf5 gxf5 28. Rg1+ Kh8 29. Rg7 Nxg7 30. Bh6 Ne6 31. Bg7+ Nxg7 32. fxg7+ Kg8 33. Qg5 Qe6 0-1

[Event "Aragon-chT Honor Gr I"]
[Site "Aragon"]
[Date "2021.03.27"]
[Round "3.12"]
[White "Laplaza Ara, Carlos"]
[Black "Buisac Anadon, Pablo"]
[Result "1/2-1/2"]
[WhiteElo "1928"]
[BlackElo "2064"]
[PlyCount "75"]
[EventDate "2021.03.13"]
[EventType "team-tourn"]
[EventRounds "7"]
[EventCountry "ESP"]
[SourceTitle "EXT 2024"]
[Source "ChessBase"]
[SourceDate "2023.10.10"]
[SourceVersion "1"]
[SourceVersionDate "2023.10.10"]
[SourceQuality "1"]
[WhiteTeam "Huesca Club Atletismo"]
[BlackTeam "Jaque Pirenauto"]
[WhiteTeamCountry "ESP"]
[BlackTeamCountry "ESP"]

1. d4 Nf6 2. c4 e6 3. Nf3 d5 4. Nc3 c6 5. cxd5 exd5 6. Bg5 Bd6 7. e3 Bf5 8. Bd3 Bxd3 9. Qxd3 Nbd7 10. 0-0 0-0 11. e4 dxe4 12. Nxe4 Be7 13. Nc3 Re8 14. Rad1 Nb6 15. Rfe1 Nbd5 16. Re5 Qd7 17. Rde1 Bd6 18. Bxf6 Nxf6 19. Rxe8+ Rxe8 20. Rxe8+ Qxe8 21. Qe3 Qxe3 22. fxe3 Bb4 23. Nd1 Ne4 24. Nf2 Nxf2 25. Kxf2 f5 26. h3 Kf7 27. Ke2 h5 28. Kd3 Kf6 29. h4 Bd6 30. b3 Bg3 31. Kc4 Ke6 32. a4 Kd6 33. Kd3 Kd5 34. Kd2 Ke4 35. Ng5+ Kd5 36. Nf3 Ke4 37. Ng5+ Kd5 38. Nf3 1/2-1/2

[Event "Aragon-chT Honor Gr I"]
[Site "Aragon"]
[Date "2021.03.13"]
[Round "1.27"]
[White "Buisac Anadon, Pablo"]
[Black "San Lazaro Lorente, David"]
[Result "1-0"]
[WhiteElo "2064"]
[BlackElo "1798"]
[PlyCount "63"]
[EventDate "2021.03.13"]
[EventType "team-tourn"]
[EventRounds "7"]
[EventCountry "ESP"]
[SourceTitle "EXT 2024"]
[Source "ChessBase"]
[SourceDate "2023.10.10"]
[SourceVersion "1"]
[SourceVersionDate "2023.10.10"]
[SourceQuality "1"]
[WhiteTeam "Jaque Pirenauto"]
[BlackTeam "Tauste"]
[WhiteTeamCountry "ESP"]
[BlackTeamCountry "ESP"]

1. d4 d6 2. Nf3 Nf6 3. c4 g6 4. Nc3 Bg7 5. e4 0-0 6. Be3 b6 7. Be2 Bb7 8. Nd2 e5 9. d5 Nbd7 10. 0-0 a5 11. Qc2 Nc5 12. a3 Ne8 13. b4 Nd7 14. Na4 f5 15. f3 f4 16. Bf2 Rf7 17. Nb3 axb4 18. axb4 Ba6 19. c5 Bxe2 20. Qxe2 dxc5 21. bxc5 Bf8 22. cxb6 Nxb6 23. Nac5 Bxc5 24. Nxc5 Nd6 25. Ne6 Qb8 26. Rac1 c5 27. Bxc5 Rfa7 28. Qb2 Ra2 29. Qxb6 Qxb6 30. Bxb6 Rb2 31. Bc5 Raa2 32. Rf2 1-0

[Event "Aragon-chT Honor Gr-I"]
[Site "Aragon"]
[Date "2020.02.15"]
[Round "4.18"]
[White "Cerrajeria Ruiz, Jesus Maria"]
[Black "Buisac Anadon, Pablo"]
[Result "0-1"]
[WhiteElo "2158"]
[BlackElo "2020"]
[PlyCount "80"]
[EventDate "2020.01.25"]
[EventType "team-tourn"]
[EventRounds "7"]
[EventCountry "ESP"]
[SourceTitle "EXT 2022"]
[Source "ChessBase"]
[SourceDate "2021.10.06"]
[SourceVersion "1"]
[SourceVersionDate "2021.10.06"]
[SourceQuality "1"]
[WhiteTeam "Helios"]
[BlackTeam "Jaque"]
[WhiteTeamCountry "ESP"]
[BlackTeamCountry "ESP"]

1. g3 d5 2. Nf3 c6 3. Bg2 Bg4 4. Ne5 Bf5 5. c4 Nd7 6. d4 Nxe5 7. dxe5 e6 8. Nc3 Bb4 9. Qb3 Bxc3+ 10. bxc3 Qd7 11. Ba3 Ne7 12. cxd5 exd5 13. Rd1 0-0 14. c4 Be6 15. cxd5 cxd5 16. e4 Rfd8 17. 0-0 Rac8 18. Bxe7 Qxe7 19. exd5 Bf5 20. Qe3 b6 21. d6 Qd7 22. Rc1 g6 23. Rxc8 Rxc8 24. Rc1 Rxc1+ 25. Qxc1 Qb5 26. f4 Qd3 27. Bc6 h5 28. Kf2 h4 29. gxh4 Qh3 30. Qd2 Qxh2+ 31. Ke3 Qg1+ 32. Kf3 Bg4+ 33. Ke4 Qh1+ 34. Kd4 Qxc6 35. Qc3 Qxc3+ 36. Kxc3 Kf8 37. Kc4 a6 38. a4 Bd7 39. a5 bxa5 40. Kc5 a4 0-1

[Event "Aragon-chT Honor Gr-I"]
[Site "Aragon"]
[Date "2020.01.25"]
[Round "1.23"]
[White "Buisac Anadon, Pablo"]
[Black "Sanjulian Arruga, Pablo"]
[Result "1/2-1/2"]
[WhiteElo "2020"]
[BlackElo "1961"]
[PlyCount "103"]
[EventDate "2020.01.25"]
[EventType "team-tourn"]
[EventRounds "7"]
[EventCountry "ESP"]
[SourceTitle "EXT 2022"]
[Source "ChessBase"]
[SourceDate "2021.10.06"]
[SourceVersion "1"]
[SourceVersionDate "2021.10.06"]
[SourceQuality "1"]
[WhiteTeam "Jaque"]
[BlackTeam "St Casablanca II"]
[WhiteTeamCountry "ESP"]
[BlackTeamCountry "ESP"]

1. Nf3 Nf6 2. d4 e6 3. g3 b5 4. Bg2 Bb7 5. 0-0 c5 6. c3 d5 7. Bg5 Nbd7 8. Nbd2 Be7 9. Qb3 Bc6 10. Ne5 Nxe5 11. dxe5 Nd7 12. Bxe7 Qxe7 13. e4 0-0 14. exd5 exd5 15. f4 Rab8 16. Nf3 b4 17. Qc2 Rfc8 18. Bh3 Rc7 19. Ng5 Nf8 20. Rae1 Bd7 21. Bxd7 Rxd7 22. e6 fxe6 23. Rxe6 Qd8 24. Re5 bxc3 25. bxc3 h6 26. Nf3 Rdb7 27. Qd3 Rb2 28. Qxd5+ Qxd5 29. Rxd5 c4 30. Rf2 Rb1+ 31. Kg2 Rc1 32. Rc5 Rxc3 33. Ne5 Ne6 34. Rxc4 Rxc4 35. Nxc4 Rb4 36. Ne5 Ra4 37. Kf3 Nc5 38. Rb2 h5 39. Ke3 Re4+ 40. Kf3 Ra4 41. f5 Kf8 42. Ng6+ Kf7 43. Nf4 Ra3+ 44. Kg2 h4 45. g4 Ra4 46. Rf2 Ne4 47. Rc2 Kf6 48. h3 Ra3 49. Ng6 Kg5 50. Ne5 Kf4 51. Ng6+ Kg5 52. Ne5 1/2-1/2

[Event "Aragon-chT Preferente Gr-II"]
[Site "Aragon"]
[Date "2019.03.23"]
[Round "9.70"]
[White "Buisac Anadon, Pablo"]
[Black "Alonso Blasco, Jose Miguel"]
[Result "1/2-1/2"]
[WhiteElo "1864"]
[BlackElo "1958"]
[PlyCount "65"]
[EventDate "2019.01.26"]
[EventType "team-tourn"]
[EventRounds "9"]
[EventCountry "ESP"]
[SourceTitle "EXT 2020"]
[Source "ChessBase"]
[SourceDate "2019.10.17"]
[SourceVersion "1"]
[SourceVersionDate "2019.10.17"]
[SourceQuality "1"]
[WhiteTeam "Jaque II"]
[BlackTeam "Las Fuentes"]
[WhiteTeamCountry "ESP"]
[BlackTeamCountry "ESP"]

1. d4 Nf6 2. Nf3 e6 3. g3 b5 4. Bg2 Bb7 5. 0-0 c5 6. c3 Be7 7. Bg5 cxd4 8. Nxd4 Bxg2 9. Kxg2 Qb6 10. Qb3 b4 11. Rd1 Nc6 12. e3 h6 13. Bxf6 Bxf6 14. Nd2 Nxd4 15. cxd4 0-0 16. Rdc1 Be7 17. Rc2 Qb7+ 18. Kg1 Rfc8 19. Rac1 d5 20. Nf3 Bd6 21. Ne1 Rab8 22. Nd3 Rxc2 23. Rxc2 Qb5 24. Rc1 a5 25. Qd1 Kf8 26. Nc5 Kg8 27. Nd3 Kf8 28. Nc5 Rb6 29. Qa4 Ke7 30. Qxb5 Rxb5 31. Nd3 Kd7 32. Kf1 a4 33. Ke2 1/2-1/2

[Event "Aragon-chT Honor Gr-A"]
[Site "Aragon"]
[Date "2019.03.09"]
[Round "7.20"]
[White "Buisac Anadon, Pablo"]
[Black "Laplaza Ara, Carlos"]
[Result "1/2-1/2"]
[WhiteElo "1864"]
[BlackElo "1963"]
[PlyCount "59"]
[EventDate "2019.01.26"]
[EventType "team-tourn"]
[EventRounds "7"]
[EventCountry "ESP"]
[SourceTitle "EXT 2020"]
[Source "ChessBase"]
[SourceDate "2019.10.17"]
[SourceVersion "1"]
[SourceVersionDate "2019.10.17"]
[SourceQuality "1"]
[WhiteTeam "Jaque"]
[BlackTeam "Huesca Club Atletismo"]
[WhiteTeamCountry "ESP"]
[BlackTeamCountry "ESP"]

1. d4 d5 2. Nf3 Nf6 3. Bf4 e6 4. e3 Bd6 5. Bg3 0-0 6. Nbd2 c5 7. c3 Nc6 8. Bb5 a6 9. Bxc6 bxc6 10. Qa4 cxd4 11. cxd4 Bxg3 12. hxg3 Qb6 13. Nb3 Nd7 14. Rc1 Bb7 15. 0-0 Rfc8 16. Na5 Rab8 17. b4 Ba8 18. a3 Qb5 19. Qc2 g6 20. Nb3 Qa4 21. Qa2 Rxb4 22. Nc5 Nxc5 23. Rxc5 Rb3 24. Qe2 Rxa3 25. Ne5 Ra1 26. Rxa1 Qxa1+ 27. Kh2 Bb7 28. Qf3 Rf8 29. Qf6 h5 30. Nxg6 1/2-1/2

[Event "Huesca Province-ch"]
[Site "Sabinanigo"]
[Date "2016.11.26"]
[Round "7"]
[White "Gimenez Fernandez, Alfonso"]
[Black "Buisac Anadon, Pablo"]
[Result "0-1"]
[WhiteElo "1676"]
[BlackElo "1485"]
[PlyCount "56"]
[EventDate "2016.10.15"]
[EventType "swiss"]
[EventRounds "7"]
[EventCountry "ESP"]
[SourceTitle "EXT 2018"]
[Source "ChessBase"]
[SourceDate "2017.10.13"]
[SourceVersion "1"]
[SourceVersionDate "2017.10.13"]
[SourceQuality "1"]

1. f4 d5 2. e3 Nf6 3. Nf3 e6 4. Be2 Bd6 5. c4 0-0 6. Nc3 b6 7. 0-0 Bb7 8. b3 Nbd7 9. Bb2 c6 10. Qc2 Nc5 11. Ne5 Qc7 12. Nd1 Nfd7 13. Nf3 a5 14. Ng5 g6 15. Nf2 h6 16. Nxf7 Kxf7 17. Ng4 Rh8 18. Ne5+ Bxe5 19. Bxe5 Nxe5 20. fxe5+ Kg7 21. Rf6 Ne4 22. Raf1 Rhf8 23. Rxe6 Rxf1+ 24. Kxf1 Qf7+ 25. Rf6 Nxf6 26. exf6+ Qxf6+ 27. Bf3 dxc4 28. Qxc4 Ba6 0-1

[Event "Huesca Province-ch"]
[Site "Sabinanigo"]
[Date "2016.11.12"]
[Round "5"]
[White "Salas Latorre, Jose"]
[Black "Buisac Anadon, Pablo"]
[Result "1/2-1/2"]
[WhiteElo "1790"]
[BlackElo "1485"]
[PlyCount "87"]
[EventDate "2016.10.15"]
[EventType "swiss"]
[EventRounds "7"]
[EventCountry "ESP"]
[SourceTitle "EXT 2018"]
[Source "ChessBase"]
[SourceDate "2017.10.13"]
[SourceVersion "1"]
[SourceVersionDate "2017.10.13"]
[SourceQuality "1"]

1. c4 c6 2. e4 d5 3. cxd5 cxd5 4. exd5 Qxd5 5. Nc3 Qd8 6. Nf3 Nf6 7. Bc4 Nc6 8. 0-0 e6 9. d4 Be7 10. Bf4 a6 11. Re1 0-0 12. Rc1 b5 13. Bb3 Bb7 14. a3 Rc8 15. d5 exd5 16. Nxd5 Nxd5 17. Bxd5 Bf6 18. Rc2 Na5 19. Rd2 Qb6 20. Bxb7 Nxb7 21. Ne5 Rfd8 22. Nd7 Qc6 23. Nxf6+ Qxf6 24. Be5 Qb6 25. h3 Na5 26. Bd4 Qc7 27. Qf3 Nc4 28. Rde2 f6 29. Qg4 Qd7 30. Qxd7 Rxd7 31. Bc3 Kf7 32. Re6 Nxa3 33. Rxa6 Nc4 34. b3 Nd6 35. Bb4 Ne8 36. Rb6 Nc7 37. Rb7 Rcd8 38. Ba5 Ne6 39. Rxb5 Ra8 40. Bb4 Nd4 41. Rh5 h6 42. Re3 Rb8 43. Bc5 Nxb3 44. Ba3 1/2-1/2

[Event "Huesca Province-ch"]
[Site "Sabinanigo"]
[Date "2016.11.05"]
[Round "4"]
[White "Buisac Anadon, Pablo"]
[Black "Barbe Pozas, Saturnino"]
[Result "1-0"]
[WhiteElo "1485"]
[BlackElo "1638"]
[PlyCount "53"]
[EventDate "2016.10.15"]
[EventType "swiss"]
[EventRounds "7"]
[EventCountry "ESP"]
[SourceTitle "EXT 2018"]
[Source "ChessBase"]
[SourceDate "2017.10.13"]
[SourceVersion "1"]
[SourceVersionDate "2017.10.13"]
[SourceQuality "1"]

1. d4 Nf6 2. Nf3 e6 3. Bf4 c5 4. e3 Nc6 5. c3 d5 6. Nbd2 c4 7. Ne5 Bd7 8. Qf3 b5 9. g4 h6 10. h4 Nxe5 11. dxe5 Nh7 12. Bg2 g5 13. hxg5 Nxg5 14. Qg3 Bg7 15. Rh5 Bc6 16. Ke2 Ne4 17. Qh2 Nc5 18. g5 Kd7 19. gxh6 Bf8 20. Nf3 Be7 21. Bg5 Qg8 22. Bf6 Bxf6 23. exf6 Nd3 24. Rg5 Qh7 25. Rg7 Qxh6 26. Rxf7+ Ke8 27. Qc7 1-0

[Event "Huesca Province-ch"]
[Site "Sabinanigo"]
[Date "2016.10.22"]
[Round "2"]
[White "Buisac Anadon, Pablo"]
[Black "Garreta Nieto, Maria"]
[Result "1-0"]
[WhiteElo "1485"]
[BlackElo "1681"]
[PlyCount "85"]
[EventDate "2016.10.15"]
[EventType "swiss"]
[EventRounds "7"]
[EventCountry "ESP"]
[SourceTitle "EXT 2018"]
[Source "ChessBase"]
[SourceDate "2017.10.13"]
[SourceVersion "1"]
[SourceVersionDate "2017.10.13"]
[SourceQuality "1"]

1. d4 d5 2. Nf3 Nf6 3. Bf4 Bf5 4. c4 e6 5. Qb3 Qc8 6. Nc3 c6 7. Rc1 Nbd7 8. Nh4 Bg6 9. Nxg6 hxg6 10. h3 dxc4 11. Qxc4 Nb6 12. Qb3 Nbd5 13. Bh2 Bb4 14. a3 Ba5 15. Qc2 Bc7 16. Bxc7 Qxc7 17. e4 Nb6 18. e5 Nfd5 19. Be2 0-0 20. 0-0 Rfd8 21. Rfd1 Rac8 22. g3 Qe7 23. Qe4 a6 24. h4 c5 25. Nxd5 Nxd5 26. dxc5 Rxc5 27. Bd3 Rxc1 28. Rxc1 Qd7 29. Rd1 Qc7 30. Bc2 Rd7 31. Bb3 Qc6 32. Bxd5 Rxd5 33. Rxd5 Qxd5 34. Qxd5 exd5 35. f4 Kf8 36. Kf2 Ke7 37. Ke3 Ke6 38. g4 f6 39. Kd4 fxe5+ 40. fxe5 g5 41. h5 b6 42. b3 b5 43. b4 1-0

[Event "Huesca Province-ch"]
[Site "Sabinanigo"]
[Date "2016.10.15"]
[Round "1"]
[White "Barranco Mananet, Fernando"]
[Black "Buisac Anadon, Pablo"]
[Result "1-0"]
[WhiteElo "1759"]
[BlackElo "1485"]
[PlyCount "65"]
[EventDate "2016.10.15"]
[EventType "swiss"]
[EventRounds "7"]
[EventCountry "ESP"]
[SourceTitle "EXT 2018"]
[Source "ChessBase"]
[SourceDate "2017.10.13"]
[SourceVersion "1"]
[SourceVersionDate "2017.10.13"]
[SourceQuality "1"]

1. Nf3 Nf6 2. g3 d5 3. Bg2 e6 4. 0-0 Be7 5. d4 0-0 6. c3 c5 7. Bf4 Nc6 8. Nbd2 Qb6 9. Qb3 c4 10. Qxb6 axb6 11. Rfe1 b5 12. a3 Bd7 13. e4 Nh5 14. exd5 Nxf4 15. gxf4 exd5 16. Ne5 Nxe5 17. Rxe5 Bd6 18. Rxd5 Bxf4 19. Rxd7 Bxd2 20. Rd1 Bf4 21. Re1 Rfe8 22. Rxe8+ Rxe8 23. Bd5 Kh8 24. Bxf7 Rb8 25. Rd5 Rf8 26. Be6 Re8 27. Bg4 g6 28. Rxb5 Re1+ 29. Kg2 Rb1 30. d5 Be5 31. Rxb7 Bxc3 32. d6 Rxb2 33. d7 1-0